| 000 | 01396nam a2200229Ia 4500 | ||
|---|---|---|---|
| 000 | 01974naaa 00289uu | ||
| 001 | https://directory.doabooks.org/handle/20.500.12854/64171 | ||
| 008 | 211013s9999 xx 000 0 und d | ||
| 024 | _ahttps://doi.org/10.2867/465183 | ||
| 042 | _adc | ||
| 100 | 1 | _aField, Brian | |
| 245 | 0 | _aBurgas : Planning a Black Sea smart city (Volume 5) | |
| 260 |
_bEuropean Investment Bank _c2019 |
||
| 520 | _aBurgas regularly tops the list of best places to live in Bulgaria. Whether enjoying a walk through the resplendent Sea Garden, relaxing on the beautiful central city beach, or enjoying a drink and fresh grilled fish at one of the many outdoor bars and restaurants, it is easy to see why tourists like it so much. A key challenge for the city, however, is to extend this good feeling to the off-season, when tourists are few, the economy is less animated, and the central area is almost comatose after dark. The city aims to deliver this transformation with its smart city agenda. | ||
| 540 | _aCreative Commons | ||
| 653 | _aBusiness & Economics | ||
| 700 | 1 | _aEuropean Investment Bank | |
| 700 | 1 | _aEuropean Investment Bank | |
| 856 |
_uhttps://docs.google.com/spreadsheets/d/1yKIrdCPDAG_9c22mwoOIO2DOhtj65Wqa/edit?usp=sharing&ouid=106555315294820607512&rtpof=true&sd=true _yList of Curated E-Books |
||
| 942 | _cE-BOOK | ||
| 999 |
_c89642 _d89639 |
||